00793nam a22001097a 4500008004100000100002200041245007800063260001900141300003600160520046800196773001900664231117b ||||| |||| 00| 0 eng d aSarma, Abhishrut  aCulture, consumption, and consecration: The Mithun in Arunachal Pradesh  aSocial Action  a73(4), Oct-Dec, 2023: p.432-445 aThis paper discusses the ways in which on endemic animal species of the Eastern Himalayas known as the Mithun (bos frontals) is entangled with the everyday practices of the local communities of the region. The assay is based on fieldwork in the state of Arunachal Pradesh in the Northeast of India. The aim is to outline the themes of culture, consumption and conservations that become intrinsic to our discussion of the semi-domesticated bovine. – Reproduced  aSocial Action